Physics for higher tier (Record no. 323221)
[ view plain ]
| 000 -LEADER | |
|---|---|
| fixed length control field | 00376nam a22001577a 4500 |
| 003 - CONTROL NUMBER IDENTIFIER | |
| control field | LC |
| 005 - DATE AND TIME OF LATEST TRANSACTION | |
| control field | 20170317152620.0 |
| 008 - FIXED-LENGTH DATA ELEMENTS--GENERAL INFORMATION | |
| fixed length control field | 170317b xxu||||| |||| 00| 0 eng d |
| 020 ## - INTERNATIONAL STANDARD BOOK NUMBER | |
| International Standard Book Number | 9780199148226 |
| 050 ## - LIBRARY OF CONGRESS CALL NUMBER | |
| Classification number | QC 21 .P828 2001 |
| 100 ## - MAIN ENTRY--PERSONAL NAME | |
| Personal name | Pople, Stephen |
| 245 ## - TITLE STATEMENT | |
| Title | Physics for higher tier |
| Statement of responsibility, etc | Pople, Stephen |
| 250 ## - EDITION STATEMENT | |
| Edition statement | 3rd ed. |
| 650 ## - SUBJECT ADDED ENTRY--TOPICAL TERM | |
| Topical term or geographic name as entry element | Physics |
| 942 ## - ADDED ENTRY ELEMENTS (KOHA) | |
| Source of classification or shelving scheme | Library of Congress Classification |
| Koha item type | Books |
| Withdrawn status | Lost status | Source of classification or shelving scheme | Damaged status | Home library | Current library | Shelving location | Date acquired | Source of acquisition | Sub Shelving location | Total Checkouts | Full call number | Barcode | Date last seen | Price effective from | Koha item type |
|---|---|---|---|---|---|---|---|---|---|---|---|---|---|---|---|
| Library of Congress Classification | Luxembourg Library | Luxembourg Library | Teachers Reference Section | 03/17/2017 | Library Fund | QC 21 .P828 2001 | 20420 | 03/17/2017 | 03/17/2017 | Books |